[Event "DEM U10 2024"]
[Site "Willingen GER"]
[Date "2024.05.22"]
[Round "6"]
[White "Löffelholz, Jonas"]
[Black "Dombert, Johannes"]
[Result "0-1"]
[Termination "normal"]
[Board "21"]
[WhiteElo "1126"]
[BlackElo "1270"]
[WhiteClock "00:43:13"]
[BlackClock "00:43:01"]
[PlyCount "58"]
[WhiteFideId "34616101"]
[BlackFideId "533001766"]
[EventCountry "GER"]
[EventRounds "11"]
[EventType "swiss"]
[EventDate "2024.05.18"]

1. d4 {[%clk 01:15:59]} {[%emt 00:00:02]} Nf6 {[%clk 01:15:47]} {[%emt
00:00:12]} 2. e3 {[%clk 01:16:19]} {[%emt 00:00:10]} g6 {[%clk 01:15:45]}
{[%emt 00:00:32]} 3. c3 {[%clk 01:16:41]} {[%emt 00:00:08]} Bg7 {[%clk
01:15:30]} {[%emt 00:00:45]} 4. Bd3 {[%clk 01:17:02]} {[%emt 00:00:10]} d6
{[%clk 01:14:43]} {[%emt 00:01:16]} 5. f4 {[%clk 01:17:08]} {[%emt 00:00:23]}
O-O {[%clk 01:13:38]} {[%emt 00:01:36]} 6. Nf3 {[%clk 01:16:23]} {[%emt
00:01:15]} c5 {[%clk 01:10:49]} {[%emt 00:03:19]} 7. O-O {[%clk 01:15:52]}
{[%emt 00:00:59]} Nc6 {[%clk 01:03:56]} {[%emt 00:07:24]} 8. e4 {[%clk
01:12:04]} {[%emt 00:04:18]} cxd4 {[%clk 00:58:44]} {[%emt 00:05:42]} 9. cxd4
{[%clk 01:12:26]} {[%emt 00:00:09]} d5 {[%clk 00:58:57]} {[%emt 00:00:16]} 10.
e5 {[%clk 01:12:33]} {[%emt 00:00:24]} Ne8 {[%clk 00:57:45]} {[%emt 00:01:42]}
11. Be3 {[%clk 01:10:51]} {[%emt 00:02:01]} Nb4 {[%clk 00:52:05]} {[%emt
00:06:20]} 12. Nh4 {[%clk 01:08:19]} {[%emt 00:03:02]} f6 {[%clk 00:49:01]}
{[%emt 00:03:34]} 13. Nxg6 {[%clk 01:04:33]} {[%emt 00:04:17]} Nxd3 {[%clk
00:45:56]} {[%emt 00:03:35]} 14. Nxf8 {[%clk 01:04:55]} {[%emt 00:00:08]} Nxb2
{[%clk 00:46:17]} {[%emt 00:00:08]} 15. Qc2 {[%clk 00:53:19]} {[%emt 00:12:06]}
Nc4 {[%clk 00:45:40]} {[%emt 00:01:10]} 16. Qxh7+ {[%clk 00:52:55]} {[%emt
00:00:53]} Kxf8 {[%clk 00:46:02]} {[%emt 00:00:08]} 17. Bc1 {[%clk 00:50:19]}
{[%emt 00:03:06]} Qb6 {[%clk 00:45:01]} {[%emt 00:01:29]} 18. Rd1 {[%clk
00:47:26]} {[%emt 00:03:24]} Bg4 {[%clk 00:44:19]} {[%emt 00:01:13]} 19. Rd3
{[%clk 00:47:08]} {[%emt 00:00:48]} Be2 {[%clk 00:44:20]} {[%emt 00:00:27]} 20.
Kh1 {[%clk 00:45:15]} {[%emt 00:02:24]} Bxd3 {[%clk 00:43:30]} {[%emt
00:01:20]} 21. Qxd3 {[%clk 00:45:43]} {[%emt 00:00:03]} Rc8 {[%clk 00:42:56]}
{[%emt 00:01:02]} 22. f5 {[%clk 00:44:39]} {[%emt 00:01:36]} Nxe5 {[%clk
00:42:54]} {[%emt 00:00:32]} 23. Qe3 {[%clk 00:44:03]} {[%emt 00:01:01]} Rxc1+
{[%clk 00:41:50]} {[%emt 00:01:39]} 24. Qxc1 {[%clk 00:44:23]} {[%emt
00:00:10]} Qxd4 {[%clk 00:42:14]} {[%emt 00:00:05]} 25. Nc3 {[%clk 00:43:56]}
{[%emt 00:00:57]} Nd6 {[%clk 00:42:04]} {[%emt 00:00:41]} 26. Rb1 {[%clk
00:42:57]} {[%emt 00:01:29]} Nd3 {[%clk 00:42:01]} {[%emt 00:00:33]} 27. Qc2
{[%clk 00:42:38]} {[%emt 00:00:49]} Nf2+ {[%clk 00:42:21]} {[%emt 00:00:09]}
28. Kg1 {[%clk 00:43:02]} {[%emt 00:00:06]} Nfe4+ {[%clk 00:42:43]} {[%emt
00:00:08]} 29. Kf1 {[%clk 00:43:13]} {[%emt 00:00:20]} Qxc3 {[%clk 00:43:01]}
{[%emt 00:00:11]} 0-1

[Event "DEM U10 2024"]
[Site "Willingen GER"]
[Date "2024.05.22"]
[Round "6"]
[White "Romberg, Moritz"]
[Black "Chychkan, Pavlo"]
[Result "0-1"]
[Termination "normal"]
[Board "24"]
[WhiteElo "1054"]
[BlackElo "1323"]
[WhiteClock "00:54:51"]
[BlackClock "01:02:47"]
[PlyCount "72"]
[WhiteFideId "34676600"]
[BlackFideId "533001758"]
[EventCountry "GER"]
[EventRounds "11"]
[EventType "swiss"]
[EventDate "2024.05.18"]

1. d4 {[%clk 01:15:59]} d5 {[%clk 01:15:51]} {[%emt 00:00:10]} 2. c4 {[%clk
01:16:25]} {[%emt 00:00:04]} dxc4 {[%clk 01:16:14]} {[%emt 00:00:07]} 3. e4
{[%clk 01:16:49]} {[%emt 00:00:06]} Nc6 {[%clk 01:16:36]} {[%emt 00:00:08]} 4.
d5 {[%clk 01:17:02]} {[%emt 00:00:16]} Ne5 {[%clk 01:16:32]} {[%emt 00:00:34]}
5. Bf4 {[%clk 01:16:01]} {[%emt 00:01:31]} Ng6 {[%clk 01:16:47]} {[%emt
00:00:15]} 6. Bg3 {[%clk 01:15:09]} {[%emt 00:01:22]} Nf6 {[%clk 01:15:58]}
{[%emt 00:01:19]} 7. Nc3 {[%clk 01:15:15]} {[%emt 00:00:24]} e6 {[%clk
01:15:18]} {[%emt 00:01:09]} 8. Bxc4 {[%clk 01:13:09]} {[%emt 00:02:36]} e5
{[%clk 01:15:26]} {[%emt 00:00:24]} 9. Nf3 {[%clk 01:13:04]} {[%emt 00:00:33]}
Bg4 {[%clk 01:15:32]} {[%emt 00:00:25]} 10. Qd3 {[%clk 01:12:02]} {[%emt
00:01:31]} Bd6 {[%clk 01:15:16]} {[%emt 00:00:46]} 11. O-O {[%clk 01:11:34]}
{[%emt 00:00:58]} O-O {[%clk 01:15:26]} {[%emt 00:00:21]} 12. h3 {[%clk
01:11:22]} {[%emt 00:00:41]} Bd7 {[%clk 01:15:20]} {[%emt 00:00:37]} 13. Rfe1
{[%clk 01:10:48]} {[%emt 00:01:03]} Qe7 {[%clk 01:12:36]} {[%emt 00:03:15]} 14.
a3 {[%clk 01:09:57]} {[%emt 00:01:22]} h6 {[%clk 01:11:56]} {[%emt 00:01:08]}
15. Nh4 {[%clk 01:07:55]} {[%emt 00:02:33]} Nh8 {[%clk 01:11:46]} {[%emt
00:00:40]} 16. Nb5 {[%clk 01:06:02]} {[%emt 00:02:24]} Bxb5 {[%clk 01:07:59]}
{[%emt 00:04:16]} 17. Bxb5 {[%clk 01:06:04]} {[%emt 00:00:28]} a6 {[%emt
00:01:35]} 18. Nf5 {[%clk 01:05:46]} Qd8 {[%clk 01:07:30]} {[%emt 00:00:41]}
19. Bc4 {[%clk 01:05:41]} {[%emt 00:00:35]} b5 {[%clk 01:06:34]} {[%emt
00:01:26]} 20. Bb3 {[%clk 01:05:36]} {[%emt 00:00:35]} Bc5 {[%clk 01:06:38]}
{[%emt 00:00:25]} 21. Bh4 {[%clk 01:05:34]} {[%emt 00:00:33]} Ng6 {[%clk
01:06:21]} {[%emt 00:00:47]} 22. Bxf6 {[%clk 01:04:53]} {[%emt 00:01:12]} Qxf6
{[%clk 01:06:28]} {[%emt 00:00:21]} 23. g3 {[%clk 01:04:25]} {[%emt 00:00:57]}
Rad8 {[%clk 01:06:09]} {[%emt 00:00:50]} 24. Rac1 {[%clk 01:04:08]} {[%emt
00:00:47]} Bb6 {[%clk 01:06:18]} {[%emt 00:00:22]} 25. Rc6 {[%clk 01:02:38]}
{[%emt 00:02:00]} Qxc6 {[%clk 01:05:51]} {[%emt 00:00:57]} 26. h4 {[%clk
01:02:10]} {[%emt 00:00:58]} Qc5 {[%clk 01:05:45]} {[%emt 00:00:37]} 27. Re3
{[%clk 01:02:05]} {[%emt 00:00:35]} Qc1+ {[%clk 01:05:34]} {[%emt 00:00:41]}
28. Kg2 {[%clk 01:02:08]} {[%emt 00:00:26]} Bxe3 {[%clk 01:05:47]} {[%emt
00:00:15]} 29. h5 {[%clk 01:02:28]} {[%emt 00:00:11]} Bd4 {[%clk 01:04:27]}
{[%emt 00:01:51]} 30. hxg6 {[%clk 01:02:43]} {[%emt 00:00:15]} fxg6 {[%clk
01:04:44]} {[%emt 00:00:13]} 31. d6+ {[%clk 01:02:54]} {[%emt 00:00:19]} Kh7
{[%clk 01:03:31]} {[%emt 00:01:42]} 32. dxc7 {[%clk 00:58:41]} {[%emt
00:04:43]} Rc8 {[%clk 01:02:52]} {[%emt 00:01:10]} 33. Bg8+ {[%clk 00:54:23]}
{[%emt 00:04:48]} Kxg8 {[%clk 01:01:46]} {[%emt 00:01:36]} 34. Ne7+ {[%clk
00:54:42]} {[%emt 00:00:11]} Kh7 {[%clk 01:02:05]} {[%emt 00:00:10]} 35. Nxc8
{[%clk 00:54:50]} {[%emt 00:00:23]} Rxf2+ {[%clk 01:02:25]} {[%emt 00:00:09]}
36. Kh3 {[%clk 00:54:51]} {[%emt 00:00:28]} Qh1+ {[%clk 01:02:47]} {[%emt
00:00:09]} 0-1

[Event "DEM U10 2024"]
[Site "Willingen GER"]
[Date "2024.05.22"]
[Round "6"]
[White "Egert, Niilo"]
[Black "Dutta, Nikhil"]
[Result "1-0"]
[Termination "normal"]
[Board "25"]
[WhiteElo "1105"]
[BlackElo "1283"]
[WhiteClock "01:04:02"]
[BlackClock "01:12:53"]
[PlyCount "91"]
[WhiteFideId "533001774"]
[BlackFideId "34665501"]
[EventCountry "GER"]
[EventRounds "11"]
[EventType "swiss"]
[EventDate "2024.05.18"]

1. e4 {[%clk 01:15:54]} {[%emt 00:00:05]} c6 {[%clk 01:15:58]} {[%emt
00:00:04]} 2. d4 {[%clk 01:15:48]} {[%emt 00:00:34]} d5 {[%clk 01:16:22]}
{[%emt 00:00:07]} 3. exd5 {[%clk 01:15:38]} {[%emt 00:00:39]} cxd5 {[%clk
01:16:45]} {[%emt 00:00:09]} 4. Bd3 {[%clk 01:14:50]} {[%emt 00:01:16]} Nc6
{[%clk 01:17:02]} {[%emt 00:00:13]} 5. c3 {[%clk 01:14:07]} {[%emt 00:01:14]}
Nf6 {[%clk 01:17:01]} {[%emt 00:00:31]} 6. Bf4 {[%clk 01:13:31]} {[%emt
00:01:06]} Bg4 {[%clk 01:17:03]} {[%emt 00:00:28]} 7. Qb3 {[%clk 01:12:14]}
{[%emt 00:01:47]} Qd7 {[%clk 01:16:43]} {[%emt 00:00:50]} 8. h3 {[%clk
01:11:20]} {[%emt 00:01:22]} Bh5 {[%clk 01:16:29]} {[%emt 00:00:44]} 9. Nd2
{[%clk 01:11:17]} {[%emt 00:00:35]} e6 {[%clk 01:16:25]} {[%emt 00:00:34]} 10.
Ngf3 {[%clk 01:09:44]} {[%emt 00:02:03]} Bg6 {[%clk 01:16:23]} {[%emt
00:00:30]} 11. Bxg6 {[%clk 01:08:41]} {[%emt 00:01:34]} hxg6 {[%clk 01:16:26]}
{[%emt 00:00:26]} 12. O-O-O {[%clk 01:06:36]} {[%emt 00:02:36]} Be7 {[%clk
01:15:10]} {[%emt 00:01:45]} 13. Kb1 {[%clk 01:05:59]} {[%emt 00:01:09]} O-O
{[%clk 01:15:07]} {[%emt 00:00:32]} 14. Rhe1 {[%clk 01:05:03]} {[%emt
00:01:26]} Bd8 {[%clk 01:14:53]} {[%emt 00:00:44]} 15. Qc2 {[%clk 01:04:05]}
{[%emt 00:01:29]} Bc7 {[%clk 01:14:43]} {[%emt 00:00:40]} 16. Bg5 {[%clk
01:01:58]} {[%emt 00:02:36]} a6 {[%clk 01:13:01]} {[%emt 00:02:13]} 17. Nb3
{[%clk 01:01:46]} {[%emt 00:00:42]} Bd6 {[%clk 01:12:23]} {[%emt 00:01:07]} 18.
Ne5 {[%clk 01:01:05]} {[%emt 00:01:11]} Bxe5 {[%clk 01:12:11]} {[%emt
00:00:43]} 19. dxe5 {[%clk 01:00:32]} {[%emt 00:01:03]} Ne4 {[%clk 01:12:22]}
{[%emt 00:00:19]} 20. Rxe4 {[%clk 01:00:03]} {[%emt 00:00:59]} dxe4 {[%clk
01:11:50]} {[%emt 00:01:03]} 21. Rxd7 {[%clk 01:00:20]} {[%emt 00:00:12]} Nxe5
{[%clk 01:12:07]} {[%emt 00:00:13]} 22. Rxb7 {[%clk 01:00:23]} {[%emt
00:00:27]} Nd3 {[%clk 01:11:47]} {[%emt 00:00:50]} 23. f3 {[%clk 01:00:12]}
{[%emt 00:00:41]} f6 {[%clk 01:11:37]} {[%emt 00:00:40]} 24. fxe4 {[%clk
01:00:19]} {[%emt 00:00:23]} Rfd8 {[%clk 01:11:23]} {[%emt 00:00:44]} 25. Nd4
{[%clk 01:00:03]} {[%emt 00:00:45]} fxg5 {[%clk 01:10:47]} {[%emt 00:01:07]}
26. Qxd3 {[%clk 01:00:22]} {[%emt 00:00:11]} e5 {[%clk 01:11:05]} {[%emt
00:00:12]} 27. Qc4+ {[%clk 00:59:56]} {[%emt 00:00:56]} Kh7 {[%clk 01:11:06]}
{[%emt 00:00:29]} 28. Rxg7+ {[%clk 00:59:58]} {[%emt 00:00:28]} Kxg7 {[%clk
01:11:12]} {[%emt 00:00:23]} 29. Ne6+ {[%clk 01:00:18]} {[%emt 00:00:10]} Kh6
{[%clk 01:11:22]} {[%emt 00:00:16]} 30. Nxd8 {[%clk 01:00:39]} {[%emt
00:00:14]} Rxd8 {[%clk 01:11:39]} {[%emt 00:00:12]} 31. Qxa6 {[%clk 01:00:01]}
{[%emt 00:01:08]} Rd1+ {[%clk 01:11:35]} {[%emt 00:00:34]} 32. Kc2 {[%clk
01:00:16]} {[%emt 00:00:15]} Re1 {[%clk 01:11:46]} {[%emt 00:00:19]} 33. b4
{[%clk 01:00:31]} {[%emt 00:00:16]} Rxe4 {[%clk 01:11:38]} {[%emt 00:00:37]}
34. Kd3 {[%clk 01:00:36]} {[%emt 00:00:26]} Re1 {[%clk 01:11:35]} {[%emt
00:00:32]} 35. b5 {[%clk 01:00:58]} {[%emt 00:00:09]} e4+ {[%clk 01:11:53]}
{[%emt 00:00:12]} 36. Kd2 {[%clk 01:01:16]} {[%emt 00:00:12]} Rg1 {[%clk
01:12:06]} {[%emt 00:00:16]} 37. Ke2 {[%clk 01:01:15]} {[%emt 00:00:31]} Rxg2+
{[%clk 01:12:21]} {[%emt 00:00:15]} 38. Ke3 {[%clk 01:01:40]} {[%emt 00:00:06]}
Rg3+ {[%clk 01:12:29]} {[%emt 00:00:21]} 39. Kxe4 {[%clk 01:02:07]} {[%emt
00:00:04]} Rxh3 {[%clk 01:12:44]} {[%emt 00:00:14]} 40. b6 {[%clk 01:02:25]}
{[%emt 00:00:13]} g4 {[%clk 01:12:52]} {[%emt 00:00:22]} 41. b7 {[%clk
01:02:44]} {[%emt 00:00:11]} Rxc3 {[%clk 01:12:45]} {[%emt 00:00:36]} 42. b8=Q
{[%clk 01:02:57]} {[%emt 00:00:18]} g3 {[%clk 01:12:35]} {[%emt 00:00:40]} 43.
Qf4+ {[%clk 01:03:09]} {[%emt 00:00:18]} Kh7 {[%clk 01:12:34]} {[%emt
00:00:29]} 44. Qb7+ {[%clk 01:03:30]} {[%emt 00:00:11]} Kg8 {[%clk 01:12:39]}
{[%emt 00:00:24]} 45. Qfb8+ {[%clk 01:03:50]} {[%emt 00:00:11]} Rc8 {[%clk
01:12:53]} {[%emt 00:00:16]} 46. Q8xc8# {[%clk 01:04:02]} {[%emt 00:00:17]} 1-0

[Event "DEM U10 2024"]
[Site "Willingen GER"]
[Date "2024.05.22"]
[Round "6"]
[White "Rössling, Johannes"]
[Black "Katzenstein, Alexander"]
[Result "0-1"]
[Termination "normal"]
[Board "26"]
[WhiteElo "1579"]
[BlackElo "1275"]
[WhiteClock "00:54:07"]
[BlackClock "00:47:56"]
[PlyCount "138"]
[WhiteFideId "34642773"]
[BlackFideId "34696822"]
[EventCountry "GER"]
[EventRounds "11"]
[EventType "swiss"]
[EventDate "2024.05.18"]

1. e4 {[%clk 01:15:59]} c5 {[%clk 01:15:51]} {[%emt 00:00:10]} 2. Nf3 {[%clk
01:16:09]} {[%emt 00:00:20]} d6 {[%clk 01:16:11]} {[%emt 00:00:10]} 3. d4
{[%clk 01:16:22]} {[%emt 00:00:16]} cxd4 {[%clk 01:16:36]} {[%emt 00:00:06]} 4.
Nxd4 {[%clk 01:16:46]} {[%emt 00:00:06]} Nc6 {[%clk 01:17:01]} {[%emt
00:00:05]} 5. Nc3 {[%clk 01:16:24]} {[%emt 00:00:52]} g6 {[%clk 01:17:25]}
{[%emt 00:00:07]} 6. Bc4 {[%clk 01:16:01]} {[%emt 00:00:51]} Bg7 {[%clk
01:17:33]} {[%emt 00:00:23]} 7. Be3 {[%clk 01:16:22]} {[%emt 00:00:08]} Nf6
{[%clk 01:17:01]} {[%emt 00:01:03]} 8. Bb3 {[%clk 01:15:34]} {[%emt 00:01:19]}
O-O {[%clk 01:16:28]} {[%emt 00:01:03]} 9. O-O {[%clk 01:15:27]} {[%emt
00:00:36]} Na5 {[%clk 01:15:19]} {[%emt 00:01:39]} 10. Qd2 {[%clk 01:14:08]}
{[%emt 00:01:49]} Nxb3 {[%clk 01:13:45]} {[%emt 00:02:05]} 11. axb3 {[%clk
01:13:16]} {[%emt 00:01:22]} Ng4 {[%clk 01:12:55]} {[%emt 00:01:19]} 12. Rfe1
{[%clk 01:12:36]} {[%emt 00:01:07]} Nxe3 {[%clk 01:10:45]} {[%emt 00:02:43]}
13. Qxe3 {[%clk 01:10:48]} {[%emt 00:02:18]} Re8 {[%clk 01:05:54]} {[%emt
00:05:22]} 14. Rad1 {[%clk 01:10:05]} {[%emt 00:01:12]} Bd7 {[%clk 01:03:10]}
{[%emt 00:03:15]} 15. Qg3 {[%clk 01:08:31]} {[%emt 00:01:56]} Be5 {[%clk
01:01:08]} {[%emt 00:02:39]} 16. Qe3 {[%clk 01:07:59]} {[%emt 00:00:52]} a5
{[%clk 00:57:06]} {[%emt 00:04:43]} 17. Nce2 {[%clk 00:58:44]} {[%emt
00:09:45]} a4 {[%clk 00:54:24]} {[%emt 00:03:12]} 18. Ra1 {[%emt 00:03:42]}
axb3 {[%clk 00:53:18]} {[%emt 00:01:33]} 19. Qxb3 {[%clk 00:55:32]} {[%emt
00:00:33]} Qc7 {[%clk 00:51:51]} {[%emt 00:01:57]} 20. Ra3 {[%clk 00:49:41]}
{[%emt 00:06:22]} Rxa3 {[%clk 00:48:51]} {[%emt 00:03:30]} 21. Qxa3 {[%clk
00:49:47]} {[%emt 00:00:24]} Qc5 {[%clk 00:48:14]} {[%emt 00:01:03]} 22. Qxc5
{[%clk 00:49:32]} {[%emt 00:00:48]} dxc5 {[%clk 00:48:37]} {[%emt 00:00:08]}
23. Nf3 {[%clk 00:49:52]} {[%emt 00:00:09]} Bxb2 {[%clk 00:47:49]} {[%emt
00:01:18]} 24. Rb1 {[%clk 00:50:07]} {[%emt 00:00:16]} Bb5 {[%clk 00:46:17]}
{[%emt 00:02:01]} 25. Rxb2 {[%clk 00:48:02]} {[%emt 00:02:35]} Bxe2 {[%clk
00:46:40]} {[%emt 00:00:07]} 26. Rxb7 {[%clk 00:48:22]} {[%emt 00:00:10]} Ra8
{[%clk 00:42:56]} {[%emt 00:04:12]} 27. h3 {[%clk 00:48:01]} {[%emt 00:00:53]}
Ra1+ {[%clk 00:43:17]} {[%emt 00:00:09]} 28. Kh2 {[%clk 00:48:21]} {[%emt
00:00:10]} Bxf3 {[%clk 00:42:59]} {[%emt 00:00:48]} 29. gxf3 {[%clk 00:48:39]}
{[%emt 00:00:12]} Rc1 {[%clk 00:42:20]} {[%emt 00:01:09]} 30. Rb2 {[%clk
00:48:38]} {[%emt 00:00:32]} e6 {[%clk 00:42:15]} {[%emt 00:00:33]} 31. Kg3
{[%clk 00:48:24]} {[%emt 00:00:45]} c4 {[%clk 00:42:29]} {[%emt 00:00:16]} 32.
Kf4 {[%clk 00:48:36]} {[%emt 00:00:17]} Kg7 {[%clk 00:42:09]} {[%emt 00:00:51]}
33. Ke3 {[%clk 00:48:40]} {[%emt 00:00:26]} c3 {[%clk 00:42:31]} {[%emt
00:00:09]} 34. Ra2 {[%clk 00:49:00]} {[%emt 00:00:10]} Rh1 {[%clk 00:42:23]}
{[%emt 00:00:38]} 35. Ra3 {[%clk 00:49:20]} {[%emt 00:00:11]} Rxh3 {[%clk
00:42:44]} {[%emt 00:00:07]} 36. Rxc3 {[%clk 00:49:42]} {[%emt 00:00:09]} h5
{[%clk 00:42:45]} {[%emt 00:00:29]} 37. Rd3 {[%clk 00:50:01]} {[%emt 00:00:10]}
Rh1 {[%clk 00:42:55]} {[%emt 00:00:20]} 38. c4 {[%clk 00:50:00]} {[%emt
00:00:32]} Rc1 {[%clk 00:43:15]} {[%emt 00:00:09]} 39. Kd4 {[%clk 00:50:11]}
{[%emt 00:00:20]} h4 {[%clk 00:43:39]} {[%emt 00:00:06]} 40. f4 {[%clk
00:50:35]} {[%emt 00:00:06]} Kh6 {[%clk 00:43:52]} {[%emt 00:00:17]} 41. Rh3
{[%clk 00:50:40]} {[%emt 00:00:25]} g5 {[%clk 00:42:50]} {[%emt 00:01:31]} 42.
f5 {[%clk 00:50:40]} {[%emt 00:00:30]} exf5 {[%clk 00:42:55]} {[%emt 00:00:26]}
43. exf5 {[%clk 00:51:02]} {[%emt 00:00:08]} Kh5 {[%clk 00:42:29]} {[%emt
00:00:56]} 44. f3 {[%clk 00:50:56]} {[%emt 00:00:36]} g4 {[%clk 00:42:54]}
{[%emt 00:00:05]} 45. fxg4+ {[%clk 00:50:41]} {[%emt 00:00:45]} Kxg4 {[%clk
00:43:18]} {[%emt 00:00:06]} 46. Re3 {[%clk 00:49:22]} {[%emt 00:01:46]} h3
{[%clk 00:42:51]} {[%emt 00:01:00]} 47. Re2 {[%clk 00:48:54]} {[%emt 00:00:58]}
Kg3 {[%clk 00:43:08]} {[%emt 00:00:13]} 48. c5 {[%clk 00:49:12]} {[%emt
00:00:12]} h2 {[%clk 00:43:28]} {[%emt 00:00:10]} 49. Rxh2 {[%clk 00:49:37]}
{[%emt 00:00:05]} Kxh2 {[%clk 00:43:51]} {[%emt 00:00:07]} 50. Kd5 {[%clk
00:49:58]} {[%emt 00:00:09]} Kg3 {[%clk 00:44:15]} {[%emt 00:00:06]} 51. Kd6
{[%clk 00:50:19]} {[%emt 00:00:09]} Kg4 {[%clk 00:44:26]} {[%emt 00:00:19]} 52.
f6 {[%clk 00:50:36]} {[%emt 00:00:12]} Kf5 {[%clk 00:44:37]} {[%emt 00:00:20]}
53. Ke7 {[%clk 00:50:41]} {[%emt 00:00:25]} Kg6 {[%clk 00:44:47]} {[%emt
00:00:20]} 54. c6 {[%clk 00:50:48]} {[%emt 00:00:23]} Rxc6 {[%clk 00:45:11]}
{[%emt 00:00:06]} 55. Kf8 {[%clk 00:51:07]} {[%emt 00:00:10]} Kxf6 {[%clk
00:45:10]} {[%emt 00:00:31]} 56. Ke8 {[%clk 00:51:29]} {[%emt 00:00:08]} Kg6
{[%clk 00:45:11]} {[%emt 00:00:29]} 57. Kd7 {[%clk 00:51:54]} {[%emt 00:00:06]}
Rc1 {[%clk 00:45:29]} {[%emt 00:00:13]} 58. Kd6 {[%clk 00:52:18]} {[%emt
00:00:05]} f5 {[%clk 00:45:53]} {[%emt 00:00:06]} 59. Ke5 {[%clk 00:52:30]}
{[%emt 00:00:18]} Re1+ {[%clk 00:46:08]} {[%emt 00:00:14]} 60. Kf4 {[%clk
00:52:50]} {[%emt 00:00:10]} Rf1+ {[%clk 00:45:10]} {[%emt 00:01:28]} 61. Kg3
{[%clk 00:53:03]} {[%emt 00:00:17]} Kg5 {[%clk 00:45:15]} {[%emt 00:00:26]} 62.
Kg2 {[%clk 00:53:28]} {[%emt 00:00:05]} Rf4 {[%clk 00:45:24]} {[%emt 00:00:21]}
63. Kg1 {[%clk 00:53:53]} {[%emt 00:00:05]} Ra4 {[%clk 00:45:49]} {[%emt
00:00:05]} 64. Kf1 {[%clk 00:54:11]} {[%emt 00:00:11]} Kf4 {[%clk 00:46:10]}
{[%emt 00:00:08]} 65. Kf2 {[%clk 00:54:29]} {[%emt 00:00:12]} Ra2+ {[%clk
00:46:28]} {[%emt 00:00:12]} 66. Kf1 {[%clk 00:54:51]} {[%emt 00:00:08]} Ke3
{[%clk 00:46:46]} {[%emt 00:00:12]} 67. Kg1 {[%clk 00:55:10]} {[%emt 00:00:11]}
Kf3 {[%clk 00:47:07]} {[%emt 00:00:10]} 68. Kh1 {[%clk 00:53:45]} {[%emt
00:01:55]} Kg3 {[%clk 00:47:30]} {[%emt 00:00:06]} 69. Kg1 {[%clk 00:54:07]}
{[%emt 00:00:09]} Ra1# {[%clk 00:47:56]} {[%emt 00:00:03]} 0-1

[Event "DEM U10 2024"]
[Site "Willingen GER"]
[Date "2024.05.22"]
[Round "6"]
[White "Liu, Yichen"]
[Black "Schonlau, Leopold"]
[Result "1-0"]
[Termination "normal"]
[Board "27"]
[WhiteElo "1212"]
[BlackElo "1359"]
[WhiteClock "01:06:59"]
[BlackClock "01:03:52"]
[PlyCount "65"]
[WhiteFideId "34677917"]
[BlackFideId "34662545"]
[EventCountry "GER"]
[EventRounds "11"]
[EventType "swiss"]
[EventDate "2024.05.18"]

1. e4 {[%clk 01:15:57]} {[%emt 00:00:03]} e5 {[%clk 01:15:55]} {[%emt
00:00:05]} 2. Nf3 {[%clk 01:16:19]} {[%emt 00:00:08]} Nc6 {[%clk 01:16:20]}
{[%emt 00:00:06]} 3. Nc3 {[%clk 01:16:35]} {[%emt 00:00:14]} Nf6 {[%clk
01:16:35]} {[%emt 00:00:15]} 4. Bc4 {[%clk 01:16:40]} {[%emt 00:00:24]} Nxe4
{[%clk 01:16:57]} {[%emt 00:00:07]} 5. Nxe4 {[%clk 01:16:31]} {[%emt 00:00:40]}
d5 {[%clk 01:17:21]} {[%emt 00:00:07]} 6. Bd3 {[%clk 01:16:03]} {[%emt
00:00:57]} dxe4 {[%clk 01:17:43]} {[%emt 00:00:08]} 7. Bxe4 {[%clk 01:16:23]}
{[%emt 00:00:10]} Bc5 {[%clk 01:17:54]} {[%emt 00:00:19]} 8. Qe2 {[%clk
01:16:09]} {[%emt 00:00:45]} O-O {[%clk 01:16:45]} {[%emt 00:01:39]} 9. O-O
{[%clk 01:15:29]} {[%emt 00:01:08]} Bg4 {[%clk 01:16:47]} {[%emt 00:00:29]} 10.
h3 {[%clk 01:15:36]} {[%emt 00:00:24]} Bh5 {[%clk 01:16:48]} {[%emt 00:00:28]}
11. Bxc6 {[%clk 01:15:52]} {[%emt 00:00:14]} bxc6 {[%clk 01:17:08]} {[%emt
00:00:10]} 12. Qxe5 {[%clk 01:15:28]} {[%emt 00:00:53]} Qd5 {[%clk 01:16:38]}
{[%emt 00:01:00]} 13. Re1 {[%clk 01:15:29]} {[%emt 00:00:30]} Bb6 {[%clk
01:15:14]} {[%emt 00:01:54]} 14. d3 {[%clk 01:14:49]} {[%emt 00:01:10]} Bxf3
{[%clk 01:14:51]} {[%emt 00:00:53]} 15. Qxd5 {[%clk 01:15:00]} {[%emt
00:00:20]} cxd5 {[%clk 01:15:13]} {[%emt 00:00:07]} 16. gxf3 {[%clk 01:15:16]}
{[%emt 00:00:13]} Rae8 {[%clk 01:15:26]} {[%emt 00:00:17]} 17. Bf4 {[%clk
01:15:31]} {[%emt 00:00:16]} Re6 {[%clk 01:15:04]} {[%emt 00:00:52]} 18. Kf1
{[%clk 01:14:19]} {[%emt 00:01:43]} Rf6 {[%clk 01:14:27]} {[%emt 00:01:06]} 19.
Bg3 {[%clk 01:11:37]} {[%emt 00:03:12]} Rxf3 {[%clk 01:14:36]} {[%emt
00:00:22]} 20. Kg2 {[%clk 01:11:06]} {[%emt 00:01:01]} Rf6 {[%clk 01:13:53]}
{[%emt 00:01:12]} 21. a4 {[%clk 01:11:13]} {[%emt 00:00:23]} Bc5 {[%clk
01:12:38]} {[%emt 00:01:45]} 22. Re2 {[%clk 01:10:05]} {[%emt 00:01:39]} Re6
{[%clk 01:11:53]} {[%emt 00:01:15]} 23. Rae1 {[%clk 01:10:17]} {[%emt
00:00:16]} Rg6 {[%clk 01:11:06]} {[%emt 00:01:17]} 24. Kf1 {[%clk 01:10:27]}
{[%emt 00:00:22]} Bb6 {[%clk 01:09:09]} {[%emt 00:02:27]} 25. b4 {[%clk
01:10:12]} {[%emt 00:00:45]} a5 {[%clk 01:09:19]} {[%emt 00:00:20]} 26. bxa5
{[%clk 01:10:14]} {[%emt 00:00:27]} Bxa5 {[%clk 01:09:44]} {[%emt 00:00:06]}
27. Rb1 {[%clk 01:10:24]} {[%emt 00:00:19]} Rh6 {[%clk 01:09:22]} {[%emt
00:00:53]} 28. Kg2 {[%clk 01:10:33]} {[%emt 00:00:21]} f5 {[%clk 01:09:14]}
{[%emt 00:00:37]} 29. Bf4 {[%clk 01:09:51]} {[%emt 00:01:12]} Rg6+ {[%clk
01:09:17]} {[%emt 00:00:27]} 30. Kh2 {[%clk 01:09:27]} {[%emt 00:00:54]} c6
{[%clk 01:07:22]} {[%emt 00:02:25]} 31. Rb7 {[%clk 01:08:00]} {[%emt 00:01:56]}
Rc8 {[%clk 01:06:48]} {[%emt 00:01:05]} 32. Ree7 {[%clk 01:06:59]} {[%emt
00:01:32]} Bd8 {[%clk 01:03:52]} {[%emt 00:03:23]} 33. Re8# {[%emt 00:00:53]}
1-0